| 000 | 00825nam a2200205 a 4500 | ||
|---|---|---|---|
| 003 | 0 | ||
| 005 | 20250618130821.0 | ||
| 008 | 021125s19uu xx 00 eng d | ||
| 050 |
_aPGS LB 1044.87 _b.B516 2000 |
||
| 100 | _aBermudez, Gracielle Jayces Flor L. | ||
| 245 |
_aThe perceptions of grade 6 students of Southville International School on the importance of internet for their studies / _cGracielle Jayces Flor L. Bermudez. |
||
| 260 |
_aLas PiƱas City, Philippines : _bSouthville International School and Colleges, _c2000. |
||
| 300 |
_a30 pages : _bcolored illustrations ; _c28 cm. |
||
| 504 | _aIncludes bibliographical references. | ||
| 650 | _aInternet in education. | ||
| 650 | _aEducational technology. | ||
| 650 |
_aGrade school students _vAttitudes. |
||
| 650 | _aDigital literacy. | ||
| 942 |
_2lcc _cPASS |
||
| 999 |
_c96362 _d96362 |
||